000 00676nam a22002177a 4500
005 20120303120744.0
008 120303t xxu||||| |||| 00| 0 eng d
020 _a0333936000
_c00.00
035 _aB-28096
040 _aDPL
_bENG
082 _a080
100 _aSorman, Guy
_943365
245 _aThe genius of India /
_cby Guy Sorman
260 _aNew Delhi
_bMacmillan
_c2001
270 _bNew Delhi
_e110003
300 _axvi, 232p.
_c20 cms.
500 _aIncludes bibliographical references
651 _aIndia.
942 _2ddc
_cEN
_mSOR
_h080
999 _c63708
_d63708